|
|
|
|
| LEADER |
00974nab#a2200325#ar4500 |
| 001 |
000106384 |
| 003 |
SVKKK |
| 005 |
20111019072439.0 |
| 008 |
080512d1902 xo |||||||||||||||b|hun |
| FMT |
|
|
|
| 038 |
|
|
|a SVKKK
|
| 040 |
|
|
|a SVKKK
|b slo
|e AACR2
|
| 041 |
0 |
|
|a hun
|
| 044 |
|
|
|a xo
|c SK
|
| 080 |
|
|
|a 793
|2 1981
|
| 242 |
1 |
0 |
|a Ples spolku živnostníkov
|y slo
|
| 245 |
1 |
0 |
|a Ipartestületi bál
|
| 500 |
|
|
|a Popis z mikrofilmu
|
| 520 |
2 |
|
|a Informáícia o tom, že v Michalovciach 1.02.1902 v hoteli "Barnai" v každej miestnosti sa realizoval ples spolku živnostníkom. Vchod bol zo záhrady Kasína
|
| 650 |
0 |
4 |
|a spoločenské podujatie
|x spolok živnostníkov (organizátor)
|z Michalovce (Slovensko)
|y 1.01.1902
|
| 655 |
|
4 |
|a hungariká
|
| 773 |
0 |
|
|t Felső-Zemplén
|g Roč. 7, č. 2 (9.01.1902), s. 2
|
| 957 |
|
|
|a Michalovce
|
| 958 |
|
|
|a DG
|
| 958 |
|
|
|a HU
|
| 974 |
|
|
|a Ba
|
| 992 |
|
|
|a RBX
|
| 997 |
|
|
|d Nahymihály p. Michalovce
|
| BAS |
|
|
|
| 998 |
|
|
|a RETRO
|